El patrimonio arqueológico y cultural de Santibáñez el Alto y su territorio : (Record no. 196914)
[ view plain ]
| 000 -LEADER | |
|---|---|
| campo de control de longitud fija | 01301nam a2200301 i 4500 |
| 001 - NÚMERO DE CONTROL | |
| campo de control | 196914 |
| 003 - IDENTIFICADOR DE NÚMERO DE CONTROL | |
| campo de control | ES-MaACL |
| 005 - FECHA Y HORA DE LA ÚLTIMA TRANSACCIÓN | |
| campo de control | 20260216183929.0 |
| 008 - DATOS DE LONGITUD FIJA--INFORMACIÓN GENERAL | |
| campo de control de longitud fija | 250130b2025 sp ||||| |||| 00| 0 spa d |
| 017 ## - NÚMERO DE COPYRIGHT O DE DEPÓSITO LEGAL | |
| Número de copyright o de depósito legal | CC 00000 5-2025 |
| Agencia que asigna | Oficina Depósito Legal Cáceres |
| 020 ## - NÚMERO INTERNACIONAL ESTÁNDAR DEL LIBRO | |
| Número Internacional Estándar del Libro | 9788412919288 |
| 040 ## - FUENTE DE CATALOGACIÓN | |
| Lengua de catalogación | spa |
| Centro/agencia transcriptor | ES-MaACL |
| 100 1# - ENTRADA PRINCIPAL--NOMBRE DE PERSONA | |
| Nombre de persona | Ramos Rubio, José Antonio, |
| Fechas asociadas al nombre | 1963- |
| Término indicativo de función/relación | Autor |
| 9 (RLIN) | 174430 |
| 245 13 - MENCIÓN DEL TÍTULO | |
| Título | El patrimonio arqueológico y cultural de Santibáñez el Alto y su territorio : |
| Resto del título | el alma de San Juan de Mascoras / |
| Mención de responsabilidad, etc. | José Antonio Ramos Rubio, académico C, de la Real Academia de la Historia. |
| 260 ## - PUBLICACIÓN, DISTRIBUCIÓN, ETC. | |
| Lugar de publicación, distribución, etc. | Cáceres : |
| Nombre del editor, distribuidor, etc. | Tau Editores, |
| Fecha de publicación, distribución, etc. | 2025. |
| 264 ## - PRODUCCIÓN, PUBLICACIÓN, DISTRIBUCIÓN, FABRICACIÓN Y COPYRIGHT | |
| Fecha de producción, publicación, distribución, fabricación o copyright | ©2025. |
| 300 ## - DESCRIPCIÓN FÍSICA | |
| Extensión | 193 páginas : |
| Otras características físicas | ilustrado en blanco y negro ; |
| Dimensiones | 23 cm |
| 336 ## - TIPO DE CONTENIDO | |
| Fuente | rdacontent |
| Término de tipo de contenido | texto |
| 337 ## - TIPO DE MEDIO | |
| Fuente | rdamedia |
| Nombre/término del tipo de medio | sin mediación |
| 338 ## - TIPO DE SOPORTE | |
| Fuente | rdacarrier |
| Nombre/término del tipo de soporte | volumen |
| 651 #7 - PUNTO DE ACCESO ADICIONAL DE MATERIA--NOMBRE GEOGRÁFICO | |
| 9 (RLIN) | 153482 |
| Nombre geográfico | Cáceres (Provincia)- |
| Subdivisión general | Descripción |
| 852 ## - LOCALIZACIÓN | |
| Ubicación | ES-MaACL |
| Ubicación en estantería | Depósito J |
| Número de control de estantería | N-10306 |
| Encuadernación | Encuadernación rústica con solapas |
| itemnumber | 206428 |
| Donativo/Legado | Donación: José Antonio Ramos Rubio |
| 903 ## - NOMBRE PERSONAL DE DONANTE | |
| a | Ramos Rubio, José Antonio, |
| d | 1963- |
| e | Donante |
| 9 | 174430 |
| 942 ## - ELEMENTOS DE ENTRADA SECUNDARIOS (KOHA) | |
| Tipo de ítem Koha | Libro impreso |
| Suprimir en OPAC | No |
| Estatus retirado | Estado de pérdida | Fuente del sistema de clasificación o colocación | Estado de daño | No para préstamo | Biblioteca de origen | Biblioteca actual | Ubicación en estantería | Fecha de adquisición | Fuente de adquisición | Total de préstamos | Signatura topográfica completa | Código de barras | Visto por última vez | Precio de reemplazo | Tipo de ítem Koha |
|---|---|---|---|---|---|---|---|---|---|---|---|---|---|---|---|
| Clasificación decimal universal | Biblioteca del Ateneo de Madrid | Biblioteca del Ateneo de Madrid | Depósito J | 01/08/2025 | Donación | N-10306 | 2025-0811 | 01/08/2025 | 01/08/2025 | Libro impreso |
